00972nam a2200277 a 4500001001500000003000900015005001700024008004100041040002800082041000800110050002300118245006900141246001800210260004400228300001700272500002600289526000800315590003500323650004100358650002800399700002900427710002800456942001200484952018100496999001700677BD-DhNSU-30965BD-DhNSU20260422114850.0260422s1981 bg ||||g vw|| 001 0|eng d aDLCcBD-DhNSUdBD-DhNSU aeng00aKNG19b.A2B36 198100aBangladesh legal decisions ,nVol. 1/cedited by Mahmudul Islam. aBLDbVolume I aDacca :bBangladesh Bar Council,c1981. avp ;c25 cm. a1981 Reg. No. DA. 513 aLaw aSumaiya Kainat Bintey Kohinoor 0aLaw reports digests etczBangladesh. 4aLaw reports digests etc1 aIslam, Mahmudul eeditor aBangladesh Bar Council. 2lcccBK 00102lcc40718REFaLCRbLCRcGENd2026-04-08eKarim InternationalfBDTg1116.00hvol-1iKI/NSU/L-77/25-26l0oKNG19.A2B36 1981p49252r2026-04-22 11:46:30t1w2026-03-09yBK c30965d30965